[Event "España  ch sub-18 2006"]
[Site "Baños de Montemayor ESP"]
[Date "2006.07.08"]
[Round "1.1"]
[White "Alsina Leal, Daniel"]
[Black "Ramirez Rus, Esteban"]
[Result "1-0"]
[WhiteElo "2428"]
[BlackElo "2025"]
[PlyCount "63"]
[EventDate "2006.07.08"]
[EventType "swiss"]
[EventRounds "9"]
[EventCountry "ESP"]
[Source "lmi"]
[SourceDate "2006.07.14"]

1. e4 e5 2. Nf3 d6 3. d4 exd4 4. Nxd4 Nf6 5. Nc3 Be7 6. Be2 Bd7 7. O-O O-O 8.
b3 Nc6 9. Bb2 Nxd4 10. Qxd4 Bc6 11. Rad1 Qc8 12. f4 b6 13. Kh1 Bb7 14. e5 c5
15. Qd3 Ne8 16. Nd5 Bxd5 17. Qxd5 Nc7 18. Qc6 Ne8 19. Qe4 dxe5 20. Bxe5 Nf6 21.
Qa4 a6 22. Bf3 b5 23. Qa3 Ra7 24. c4 Rd7 25. Rxd7 Nxd7 26. Bg4 f5 27. Bf3 Bf6
28. Bd6 Re8 29. cxb5 axb5 30. Qa5 b4 31. Qb5 Rd8 32. Bb7 1-0

[Event "España  ch sub-18 2006"]
[Site "Baños de Montemayor ESP"]
[Date "2006.07.08"]
[Round "1.2"]
[White "Romero Lopez, Marta"]
[Black "Lariño Nieto, David"]
[Result "0-1"]
[WhiteElo "2014"]
[BlackElo "2371"]
[PlyCount "90"]
[EventDate "2006.07.08"]
[EventType "swiss"]
[EventRounds "9"]
[EventCountry "ESP"]
[Source "lmi"]
[SourceDate "2006.07.14"]

1. d4 e6 2. Nf3 Nf6 3. Bf4 c5 4. e3 Nc6 5. c3 b6 6. Nbd2 Be7 7. h3 Bb7 8. Be2
d5 9. O-O O-O 10. Bd3 Nd7 11. Bh2 Bf6 12. Re1 Re8 13. Bc2 e5 14. dxe5 Ndxe5 15.
Nxe5 Nxe5 16. Bxe5 Rxe5 17. Nf3 Re7 18. Qd3 g6 19. Rad1 Qc7 20. Qe2 Bc6 21. Bd3
a6 22. Qc2 Qb7 23. Be2 b5 24. b4 d4 25. exd4 cxb4 26. cxb4 Rae8 27. Qd2 Kg7 28.
Kf1 Bd5 29. Kg1 Re6 30. Rc1 Qe7 31. Kf1 Bxf3 32. gxf3 Qd7 33. Kg2 Rd6 34. Qc2
Bg5 35. Rcd1 Rd5 36. Bf1 Rxe1 37. Rxe1 Rxd4 38. Qc5 Rd5 39. Qb6 Bd8 40. Qe3 Qd6
41. Qc3+ Kh6 42. Rc1 Bf6 43. Qc7 Rg5+ 44. Kh1 Qd2 45. Qc6 Qxf2 0-1

[Event "España  ch sub-18 2006"]
[Site "Baños de Montemayor ESP"]
[Date "2006.07.08"]
[Round "1.3"]
[White "Llorente Zaro, Alfonso"]
[Black "De Nacimiento Montaño, Angel"]
[Result "1-0"]
[WhiteElo "2367"]
[BlackElo "2009"]
[PlyCount "81"]
[EventDate "2006.07.08"]
[EventType "swiss"]
[EventRounds "9"]
[EventCountry "ESP"]
[Source "lmi"]
[SourceDate "2006.07.14"]

1. d4 d5 2. c4 e6 3. Nc3 Nf6 4. Bg5 Be7 5. Nf3 O-O 6. e3 Nbd7 7. cxd5 Nxd5 8.
Bxe7 Qxe7 9. Rc1 Nxc3 10. Rxc3 c5 11. d5 b6 12. Bb5 Nf6 13. Bc6 Rb8 14. d6 Qd8
15. e4 Bb7 16. Bxb7 Rxb7 17. Qe2 e5 18. Nxe5 Qxd6 19. Nc4 Qe7 20. f3 Rd7 21.
Rd3 Rxd3 22. Qxd3 Rd8 23. Qe2 Rd4 24. O-O h6 25. Rd1 Qd7 26. Ne3 Rxd1+ 27. Qxd1
Qxd1+ 28. Nxd1 Kf8 29. Nc3 a6 30. Kf2 Ke7 31. f4 Nd7 32. Ke3 Kd6 33. g4 Nb8 34.
e5+ Ke6 35. Ke4 Nc6 36. Nd5 b5 37. Nc7+ Ke7 38. Nxa6 c4 39. Kd5 Kd7 40. f5 Na7
41. Kc5 1-0

[Event "España  ch sub-18 2006"]
[Site "Baños de Montemayor ESP"]
[Date "2006.07.08"]
[Round "1.4"]
[White "Iza Abete, Amaia"]
[Black "Aloma Vidal, Robert"]
[Result "1-0"]
[WhiteElo "2007"]
[BlackElo "2357"]
[PlyCount "137"]
[EventDate "2006.07.08"]
[EventType "swiss"]
[EventRounds "9"]
[EventCountry "ESP"]
[Source "lmi"]
[SourceDate "2006.07.14"]

1. e4 c5 2. Nf3 e6 3. d4 cxd4 4. Nxd4 a6 5. c4 Nf6 6. Bd3 Nc6 7. Nxc6 dxc6 8.
O-O e5 9. Qc2 Nd7 10. Qc3 Bc5 11. Bc2 Bd4 12. Qg3 O-O 13. Nc3 Nc5 14. Be3 Be6
15. b3 Qe7 16. Bxd4 exd4 17. Ne2 Rfd8 18. Rad1 Bf5 19. Nxd4 Bxe4 20. Rfe1 Qf6
21. Bxe4 Rxd4 22. Bc2 g6 23. Qe3 Rad8 24. g3 Ne6 25. Kg2 Rxd1 26. Rxd1 Rxd1 27.
Bxd1 Qd4 28. Qxd4 Nxd4 29. f4 Kg7 30. Kf2 Kf6 31. Ke3 Nf5+ 32. Ke4 h5 33. Bf3
Ke7 34. c5 Ng7 35. b4 Ne8 36. Ke5 Nc7 37. Kd4 Ke6 38. Bg2 f5 39. Bf1 Kf6 40.
Bc4 Ke7 41. Ke5 Ne8 42. Be6 Nf6 43. Bc8 a5 44. bxa5 Ng4+ 45. Kd4 Kd8 46. Bxb7
Kc7 47. Ba6 Nxh2 48. Ke5 Nf3+ 49. Kf6 h4 50. gxh4 Nxh4 51. Kg5 Ng2 52. Be2 Kb7
53. a6+ Kc7 54. a7 Kb7 55. Bf3 Ne3 56. Bxc6+ Kxa7 57. Kxg6 Ka6 58. Bd7 Ka5 59.
Bxf5 Nd5 60. Kg5 Kb5 61. Bc2 Kxc5 62. f5 Kd6 63. Bb3 Nc3 64. f6 Ne4+ 65. Kg6
Nc5 66. Kg7 Nd7 67. Ba4 Nc5 68. Kg8 Ne6 69. Bb3 1-0

[Event "España  ch sub-18 2006"]
[Site "Baños de Montemayor ESP"]
[Date "2006.07.08"]
[Round "1.5"]
[White "Antoli Royo, Joaquin Miguel"]
[Black "Blanco Villalba, Juan Francisco"]
[Result "1-0"]
[WhiteElo "2210"]
[BlackElo "1997"]
[PlyCount "100"]
[EventDate "2006.07.08"]
[EventType "swiss"]
[EventRounds "9"]
[EventCountry "ESP"]
[Source "lmi"]
[SourceDate "2006.07.14"]

1. d4 Nf6 2. Nf3 e6 3. c4 Bb4+ 4. Nbd2 O-O 5. e3 d5 6. Qc2 Nbd7 7. a3 Bd6 8. c5
Be7 9. b4 c6 10. Bd3 Qc7 11. Bb2 Re8 12. O-O Bf8 13. Ne5 g6 14. f4 Bg7 15. Rf3
Nf8 16. Raf1 N6d7 17. Rg3 f6 18. Nxd7 Bxd7 19. e4 Re7 20. Qb3 Be8 21. f5 Bf7
22. fxg6 Bxg6 23. b5 Kh8 24. a4 Rd8 25. b6 axb6 26. cxb6 Qd7 27. Kh1 Ra8 28.
Qb4 Ree8 29. Nb3 Qc8 30. a5 dxe4 31. Bc4 Nd7 32. Nc5 Nxc5 33. dxc5 Qd7 34. h4
Qe7 35. Be2 Bf5 36. Ra3 Rg8 37. g4 Bg6 38. h5 Bxh5 39. gxh5 f5 40. Rh3 Bf6 41.
Qa3 Qg7 42. Bxf6 Qxf6 43. Bc4 Rae8 44. a6 bxa6 45. Qxa6 Qg5 46. Qa2 Qg4 47. Rh2
h6 48. Bxe6 Rg5 49. Qb2+ Kh7 50. Qf6 f4 1-0

[Event "España  ch sub-18 2006"]
[Site "Baños de Montemayor ESP"]
[Date "2006.07.08"]
[Round "1.6"]
[White "Gallardo De La Torre, Yasmina"]
[Black "Garrido Dominguez, Jesus"]
[Result "0-1"]
[WhiteElo "1997"]
[BlackElo "2341"]
[PlyCount "76"]
[EventDate "2006.07.08"]
[EventType "swiss"]
[EventRounds "9"]
[EventCountry "ESP"]
[Source "lmi"]
[SourceDate "2006.07.14"]

1. e4 e5 2. Nf3 Nc6 3. Bb5 Nf6 4. O-O Nxe4 5. Re1 Nd6 6. Nxe5 Nxe5 7. Rxe5+ Be7
8. Ba4 O-O 9. c3 Bf6 10. Re1 Nf5 11. d4 d5 12. Nd2 Nd6 13. Nf1 c6 14. Ng3 g6
15. Bc2 Bg7 16. Bf4 f5 17. f3 Nf7 18. Qd2 h5 19. Be5 Nxe5 20. dxe5 Re8 21. Qd4
Qb6 22. Qxb6 axb6 23. f4 h4 24. Ne2 Kf7 25. Kf2 c5 26. Bb3 Be6 27. Rad1 c4 28.
Bc2 Rxa2 29. Rb1 Bf8 30. Kf3 Bc5 31. Red1 b5 32. Nc1 Ra7 33. b4 Bb6 34. Rd2 Ra3
35. Ne2 d4 36. Bd1 Bd5+ 37. Kf2 dxc3+ 38. Ke1 cxd2+ 0-1

[Event "España  ch sub-18 2006"]
[Site "Baños de Montemayor ESP"]
[Date "2006.07.08"]
[Round "1.7"]
[White "Pena Gomez, Manuel"]
[Black "Castejon Caballero, Natalia"]
[Result "1-0"]
[WhiteElo "2337"]
[BlackElo "1995"]
[PlyCount "75"]
[EventDate "2006.07.08"]
[EventType "swiss"]
[EventRounds "9"]
[EventCountry "ESP"]
[Source "lmi"]
[SourceDate "2006.07.14"]

1. c4 c6 2. Nf3 d5 3. e3 Nf6 4. Qc2 g6 5. d3 Bg7 6. Be2 O-O 7. O-O Re8 8. b3 e5
9. Bb2 Nbd7 10. Nbd2 a5 11. Rac1 h6 12. cxd5 Nxd5 13. a3 f5 14. Nc4 Qc7 15. d4
e4 16. Nfe5 Nxe5 17. dxe5 Bf8 18. Nd6 Bxd6 19. exd6 Qxd6 20. Bc4 Kh7 21. f3 Qe7
22. Bxd5 cxd5 23. fxe4 dxe4 24. Qc7 Be6 25. Qe5 Rac8 26. Rxc8 Bxc8 27. Qxa5 Qg5
28. Rc1 Bd7 29. Qd5 Qe7 30. Rc7 Rd8 31. Rxb7 h5 32. a4 Kh6 33. Qd4 h4 34. h3
Qf7 35. Qd6 Qe8 36. Qf4+ g5 37. Rb6+ Be6 38. Qxf5 1-0

[Event "España  ch sub-18 2006"]
[Site "Baños de Montemayor ESP"]
[Date "2006.07.08"]
[Round "1.8"]
[White "Ares Campo, Iria"]
[Black "Pallardo Lozoya, Jose Vicente"]
[Result "0-1"]
[WhiteElo "1991"]
[BlackElo "2323"]
[PlyCount "88"]
[EventDate "2006.07.08"]
[EventType "swiss"]
[EventRounds "9"]
[EventCountry "ESP"]
[Source "lmi"]
[SourceDate "2006.07.14"]

1. e4 e6 2. d3 d5 3. Qe2 Nf6 4. Nf3 dxe4 5. dxe4 b6 6. c4 Bb7 7. Nc3 Bb4 8. Bd2
Bxc3 9. Bxc3 Nxe4 10. Bxg7 Rg8 11. Bd4 Nd7 12. O-O-O Qe7 13. Qe3 O-O-O 14. Bd3
f5 15. Rhg1 e5 16. Nxe5 Nxe5 17. Bxe5 Qxe5 18. f3 Rxd3 19. Qxd3 Nd6 20. g3 Ba6
21. Qd5 Qxd5 22. cxd5 Be2 23. Rd4 Bxf3 24. Re1 Be4 25. Re3 Kd7 26. Ra4 a5 27.
b4 axb4 28. Rxb4 Bxd5 29. a4 Be4 30. Ra3 Nb7 31. Rc3 Nc5 32. Rd4+ Kc6 33. a5
Ra8 34. axb6 cxb6 35. Kb2 Kb5 36. Re3 h5 37. Rd6 Ra4 38. Rh6 Kc4 39. Rc3+ Kd4
40. Rd6+ Bd5 41. Rf3 Rb4+ 42. Ka3 Ra4+ 43. Kb2 Ke5 44. Rxb6 Bxf3 0-1

[Event "España  ch sub-18 2006"]
[Site "Baños de Montemayor ESP"]
[Date "2006.07.08"]
[Round "2.1"]
[White "Angulo Martinez, Jon"]
[Black "Alsina Leal, Daniel"]
[Result "0-1"]
[WhiteElo "2134"]
[BlackElo "2428"]
[PlyCount "68"]
[EventDate "2006.07.08"]
[EventType "swiss"]
[EventRounds "9"]
[EventCountry "ESP"]
[Source "lmi"]
[SourceDate "2006.07.14"]

1. e4 c5 2. Nf3 Nc6 3. d4 cxd4 4. Nxd4 Nf6 5. Nc3 e5 6. Ndb5 d6 7. Nd5 Nxd5 8.
exd5 Nb8 9. c4 Be7 10. Bd3 O-O 11. O-O a6 12. Nc3 f5 13. f3 Nd7 14. Be3 Bg5 15.
Bxg5 Qxg5 16. f4 exf4 17. Ne2 Ne5 18. Nxf4 Qh6 19. Be2 g5 20. Nh3 f4 21. Nf2
Qg7 22. h3 Bf5 23. b3 Rae8 24. Re1 Re7 25. Bh5 Ng6 26. Rxe7 Qxe7 27. Ng4 Qg7
28. Qe1 f3 29. Bxg6 Bxg4 30. gxf3 Qd4+ 31. Kh2 Qb2+ 32. Kg1 Bxh3 33. Bxh7+ Kxh7
34. Qe7+ Kg6 0-1

[Event "España  ch sub-18 2006"]
[Site "Baños de Montemayor ESP"]
[Date "2006.07.08"]
[Round "2.2"]
[White "Lariño Nieto, David"]
[Black "Perez Felipe, Marcos Adrian"]
[Result "1-0"]
[WhiteElo "2371"]
[BlackElo "2118"]
[PlyCount "29"]
[EventDate "2006.07.08"]
[EventType "swiss"]
[EventRounds "9"]
[EventCountry "ESP"]
[Source "lmi"]
[SourceDate "2006.07.14"]

1. e4 c5 2. Nc3 d6 3. g3 Nc6 4. Bg2 g6 5. d3 Bg7 6. f4 e5 7. Nh3 Nge7 8. O-O
O-O 9. f5 gxf5 10. exf5 Bxf5 11. Rxf5 Nxf5 12. Be4 Nfe7 13. Bxh7+ Kxh7 14. Qh5+
Kg8 15. Ng5 1-0

[Event "España  ch sub-18 2006"]
[Site "Baños de Montemayor ESP"]
[Date "2006.07.08"]
[Round "2.3"]
[White "Pazos Porta, Antonio"]
[Black "Llorente Zaro, Alfonso"]
[Result "0-1"]
[WhiteElo "2116"]
[BlackElo "2367"]
[PlyCount "86"]
[EventDate "2006.07.08"]
[EventType "swiss"]
[EventRounds "9"]
[EventCountry "ESP"]
[Source "lmi"]
[SourceDate "2006.07.14"]

1. e4 d6 2. d4 Nf6 3. Nc3 Nbd7 4. Nge2 e5 5. g3 c6 6. a4 exd4 7. Nxd4 Nc5 8.
Bg2 a5 9. O-O Be7 10. h3 O-O 11. Nf5 Bxf5 12. exf5 d5 13. g4 Nfd7 14. Ne2 Re8
15. f4 Ne4 16. Be3 Bc5 17. Bxc5 Ndxc5 18. Kh2 Qb6 19. Qd4 Qb4 20. b3 Nc3 21.
Qxb4 axb4 22. Nxc3 bxc3 23. Rf3 d4 24. Bf1 Rad8 25. Rd1 Ne4 26. Bd3 Nd2 27. Rf2
Re3 28. Kg2 Rde8 29. g5 f6 30. h4 Kf8 31. Rh1 Nxb3 32. h5 Nc5 33. h6 Nxd3 34.
cxd3 Re2 35. g6 gxh6 36. gxh7 Kg7 37. Rb1 Rxf2+ 38. Kxf2 Re7 39. a5 c5 40. Rc1
Kxh7 41. Kf1 h5 42. Kf2 Kh6 43. Rg1 c4 0-1

[Event "España  ch sub-18 2006"]
[Site "Baños de Montemayor ESP"]
[Date "2006.07.08"]
[Round "2.4"]
[White "Alarcia Astiz, Carlos"]
[Black "Antoli Royo, Joaquin Miguel"]
[Result "0-1"]
[WhiteElo "2107"]
[BlackElo "2210"]
[PlyCount "50"]
[EventDate "2006.07.08"]
[EventType "swiss"]
[EventRounds "9"]
[EventCountry "ESP"]
[Source "lmi"]
[SourceDate "2006.07.14"]

1. e4 c5 2. Nf3 Nc6 3. d4 cxd4 4. Nxd4 Qc7 5. Nc3 e6 6. f4 a6 7. Nf3 Bc5 8. Bd3
b5 9. Qe2 Nd4 10. Nxd4 Bxd4 11. Bd2 Bb7 12. a3 Ne7 13. Rf1 Nc6 14. e5 O-O 15.
Rf3 g6 16. Ne4 f5 17. exf6 Bxb2 18. Rh3 Bxa1 19. c3 Ne5 20. fxe5 Qxe5 21. Rxh7
Rxf6 22. Nxf6+ Qxf6 23. Rxd7 Bd5 24. Rc7 Bb2 25. Qf2 Qe5+ 0-1

[Event "España  ch sub-18 2006"]
[Site "Baños de Montemayor ESP"]
[Date "2006.07.08"]
[Round "2.5"]
[White "Garrido Dominguez, Jesus"]
[Black "Ladron De Guevara Pinto, Miguel"]
[Result "1-0"]
[WhiteElo "2341"]
[BlackElo "2100"]
[PlyCount "59"]
[EventDate "2006.07.08"]
[EventType "swiss"]
[EventRounds "9"]
[EventCountry "ESP"]
[Source "lmi"]
[SourceDate "2006.07.14"]

1. e4 e6 2. d4 d5 3. Nd2 dxe4 4. Nxe4 Bd7 5. Nf3 Bc6 6. Nc3 Nd7 7. Bc4 Ngf6 8.
O-O Be7 9. Qe2 O-O 10. Re1 b6 11. Bb3 Bxf3 12. Qxf3 c5 13. d5 exd5 14. Nxd5 Bd6
15. Bg5 Be5 16. Rad1 Qb8 17. Nxf6+ Nxf6 18. Bxf6 Bxf6 19. Bd5 Bxb2 20. Bxa8
Qxa8 21. Qxa8 Rxa8 22. Rd7 Bf6 23. Rxa7 Rd8 24. g3 g6 25. Re2 Kg7 26. Rb7 Rd6
27. Kg2 Bd8 28. Re3 c4 29. Re4 c3 30. Rc4 1-0

[Event "España  ch sub-18 2006"]
[Site "Baños de Montemayor ESP"]
[Date "2006.07.08"]
[Round "2.6"]
[White "Fidalgo Fernandez, Lucia"]
[Black "Pena Gomez, Manuel"]
[Result "0-1"]
[WhiteElo "2105"]
[BlackElo "2337"]
[PlyCount "88"]
[EventDate "2006.07.08"]
[EventType "swiss"]
[EventRounds "9"]
[EventCountry "ESP"]
[Source "lmi"]
[SourceDate "2006.07.14"]

1. e4 c5 2. Nf3 e6 3. d4 cxd4 4. Nxd4 Nc6 5. Nc3 a6 6. g3 d6 7. Bg2 Bd7 8. O-O
Nf6 9. a4 Be7 10. h3 O-O 11. Nde2 Qc7 12. g4 Rab8 13. Ng3 b5 14. axb5 axb5 15.
Nce2 d5 16. Be3 dxe4 17. Nxe4 Nd5 18. Bc5 Rfd8 19. Bxe7 Ncxe7 20. c3 Ng6 21.
Qd4 Qc4 22. N4g3 Ndf4 23. Qxc4 bxc4 24. Nxf4 Nxf4 25. Rfd1 Nxg2 26. Kxg2 Bc6+
27. Kf1 Bd5 28. Rab1 g6 29. Ke1 Rb3 30. Rd2 Rdb8 31. Ke2 Rxc3 32. bxc3 Rxb1 33.
Ke3 Kg7 34. g5 h6 35. h4 f6 36. gxf6+ Kxf6 37. Kd4 Rb5 38. Re2 Rb6 39. Ne4+ Kf5
40. Nd2 Ra6 41. f3 Ra2 42. Rg2 g5 43. hxg5 hxg5 44. Rf2 Kf4 0-1

[Event "España  ch sub-18 2006"]
[Site "Baños de Montemayor ESP"]
[Date "2006.07.08"]
[Round "2.7"]
[White "Pallardo Lozoya, Jose Vicente"]
[Black "Pascual Palomo, Lucia"]
[Result "1/2-1/2"]
[WhiteElo "2323"]
[BlackElo "2067"]
[PlyCount "80"]
[EventDate "2006.07.08"]
[EventType "swiss"]
[EventRounds "9"]
[EventCountry "ESP"]
[Source "lmi"]
[SourceDate "2006.07.14"]

1. e4 e6 2. d3 d5 3. Nd2 c5 4. g3 Nc6 5. Bg2 g6 6. Ngf3 Bg7 7. O-O Nge7 8. Re1
b6 9. h4 h6 10. c3 a5 11. a4 Ra7 12. e5 d4 13. Nc4 O-O 14. cxd4 cxd4 15. Qb3
Nd5 16. Bd2 Ba6 17. Rac1 Ndb4 18. Bxb4 Nxb4 19. Nfd2 Rc7 20. f4 g5 21. hxg5
hxg5 22. Nf3 gxf4 23. gxf4 Bh6 24. Re4 Rd7 25. Ng5 Bxg5 26. fxg5 Qxg5 27. Qd1
f5 28. exf6 Qxf6 29. Qe2 Rg7 30. Ne5 Nxd3 31. Ng4 Qg5 32. Rf1 Rxf1+ 33. Qxf1
Nc5 34. Nf6+ Kh8 35. Qf2 Qxg2+ 36. Qxg2 Rxg2+ 37. Kxg2 Nxe4 38. Nxe4 Bb7 39.
Kf3 Bxe4+ 40. Kxe4 e5 1/2-1/2

[Event "España  ch sub-18 2006"]
[Site "Baños de Montemayor ESP"]
[Date "2006.07.08"]
[Round "2.8"]
[White "Perez Campos, Adria"]
[Black "Huerga Leache, Mikel"]
[Result "1-0"]
[WhiteElo "2084"]
[BlackElo "2310"]
[PlyCount "67"]
[EventDate "2006.07.08"]
[EventType "swiss"]
[EventRounds "9"]
[EventCountry "ESP"]
[Source "lmi"]
[SourceDate "2006.07.14"]

1. c4 e6 2. Nc3 d5 3. d4 Be7 4. cxd5 exd5 5. Qc2 Nf6 6. Bg5 c6 7. e3 h6 8. Bh4
O-O 9. Bd3 Re8 10. Bg3 Nbd7 11. Nge2 Nh5 12. f3 Nxg3 13. hxg3 b5 14. Nf4 Nb6
15. b3 a5 16. Kf2 Qd6 17. Nce2 Bg5 18. e4 dxe4 19. fxe4 Bg4 20. e5 Qd7 21. Qc5
Be7 22. Qc2 Rac8 23. Rad1 c5 24. d5 Bxe2 25. Bxe2 c4 26. e6 Bc5+ 27. Kf1 fxe6
28. dxe6 Qc7 29. Rxh6 gxh6 30. Rd7 Nxd7 31. Qg6+ Kh8 32. Qxh6+ Kg8 33. Qg6+ Kh8
34. Qh5+ 1-0

[Event "España  ch sub-18 2006"]
[Site "Baños de Montemayor ESP"]
[Date "2006.07.09"]
[Round "3.1"]
[White "Alsina Leal, Daniel"]
[Black "Robles Garcia, Claudia"]
[Result "1-0"]
[WhiteElo "2428"]
[BlackElo "2153"]
[PlyCount "91"]
[EventDate "2006.07.08"]
[EventType "swiss"]
[EventRounds "9"]
[EventCountry "ESP"]
[Source "lmi"]
[SourceDate "2006.07.14"]

1. e4 c5 2. Nf3 d6 3. d4 cxd4 4. Nxd4 Nf6 5. Nc3 a6 6. Be3 e5 7. Nb3 Be6 8. f3
Nbd7 9. Qd2 b5 10. a4 b4 11. Nd5 Bxd5 12. exd5 Nb6 13. Bxb6 Qxb6 14. a5 Qb7 15.
Bc4 g6 16. Ra4 Rb8 17. Qd3 Ra8 18. Qd2 Rb8 19. O-O h5 20. Kh1 Bh6 21. Qd3 Ra8
22. Nc1 Nd7 23. Na2 Nc5 24. Rxb4 Qxb4 25. Nxb4 Nxd3 26. Bxd3 O-O 27. Nxa6 Ra7
28. b4 Bd2 29. Ra1 f5 30. b5 Rb7 31. c4 Rc8 32. c5 dxc5 33. Bc4 Kg7 34. d6 Bc3
35. Rd1 Kf6 36. d7 Rd8 37. Nxc5 Rc7 38. Rd6+ Ke7 39. Re6+ Kf8 40. Re8+ Rxe8 41.
Ne6+ Ke7 42. dxe8=Q+ Kxe8 43. Nxc7+ Kd7 44. a6 Kxc7 45. a7 Kb7 46. b6 1-0

[Event "España  ch sub-18 2006"]
[Site "Baños de Montemayor ESP"]
[Date "2006.07.09"]
[Round "3.2"]
[White "Gimeno Higueras, Roberto"]
[Black "Lariño Nieto, David"]
[Result "0-1"]
[WhiteElo "2141"]
[BlackElo "2371"]
[PlyCount "180"]
[EventDate "2006.07.08"]
[EventType "swiss"]
[EventRounds "9"]
[EventCountry "ESP"]
[Source "lmi"]
[SourceDate "2006.07.14"]

1. b4 a5 2. b5 d5 3. Bb2 c5 4. bxc6 bxc6 5. Nf3 Nd7 6. e3 a4 7. c4 e6 8. Qc1
Ba6 9. Nc3 Bxc4 10. Bxc4 a3 11. Bb3 axb2 12. Qxb2 Ba3 13. Qc2 Ngf6 14. Ba4 Ra6
15. Nd4 Qa8 16. O-O O-O 17. Rfb1 Rc8 18. Qd1 Nb6 19. Bb3 Nfd7 20. Nf3 Ra5 21.
Bc2 Nc4 22. d4 h6 23. Rb3 Bb2 24. Rb1 Bxc3 25. Rxc3 Rxa2 26. Bb3 Ra3 27. Qd3
Nd6 28. Nd2 c5 29. dxc5 Nxc5 30. Qc2 Nxb3 31. Rxc8+ Qxc8 32. Qxc8+ Nxc8 33.
Nxb3 g6 34. h3 Kg7 35. Nd4 Kf6 36. Rb2 Nd6 37. Kh2 Ra1 38. Rc2 Ne4 39. g3 g5
40. Kg2 h5 41. Kf3 Rf1 42. Kg2 Rd1 43. Kf3 Rf1 44. Kg2 Re1 45. Kf3 g4+ 46. Kg2
Kg6 47. hxg4 hxg4 48. Rb2 Ng5 49. Rb6 Rd1 50. Ra6 Rd2 51. Rc6 Nh3 52. Rc2 Rd1
53. Nc6 f6 54. f3 Kh5 55. f4 Rg1+ 56. Kh2 Re1 57. Nd4 Rxe3 58. Rc8 Re4 59. Nc6
Re2+ 60. Kh1 Kg6 61. Re8 Kf7 62. Rd8 Re1+ 63. Kg2 Rg1+ 64. Kh2 Rc1 65. Rd7+ Kf8
66. Rd8+ Kg7 67. Rd7+ Kh6 68. Ne7 Rc2+ 69. Kh1 Nf2+ 70. Kg1 Ne4 71. Ng8+ Kg6
72. Ne7+ Kh5 73. Rd8 Kh6 74. f5 Nxg3 75. fxe6 Ne2+ 76. Kf1 Nd4 77. Rxd5 Nxe6
78. Rd6 Rc1+ 79. Kf2 Ng5 80. Rxf6+ Kh5 81. Rf8 Ne4+ 82. Kg2 Rc2+ 83. Kg1 Kg5
84. Kf1 Rd2 85. Kg1 Rd7 86. Rf5+ Kh4 87. Ng6+ Kg3 88. Ne5 Rd5 89. Kf1 Nd2+ 90.
Ke2 Nc4 0-1

[Event "España  ch sub-18 2006"]
[Site "Baños de Montemayor ESP"]
[Date "2006.07.09"]
[Round "3.3"]
[White "Llorente Zaro, Alfonso"]
[Black "Fernandez Losada, Daniel"]
[Result "1-0"]
[WhiteElo "2367"]
[BlackElo "2142"]
[PlyCount "59"]
[EventDate "2006.07.08"]
[EventType "swiss"]
[EventRounds "9"]
[EventCountry "ESP"]
[Source "lmi"]
[SourceDate "2006.07.14"]

1. d4 Nf6 2. Nf3 g6 3. c4 Bg7 4. Nc3 d5 5. Bf4 O-O 6. e3 b6 7. cxd5 Nxd5 8.
Nxd5 Qxd5 9. Bxc7 Na6 10. Be5 Bxe5 11. Nxe5 Qa5+ 12. Qd2 Nb4 13. Rc1 Nxa2 14.
Qxa5 bxa5 15. Rc5 Be6 16. d5 Bf5 17. Nc6 Rfe8 18. Rxa5 Nc1 19. Bc4 Nd3+ 20.
Bxd3 Bxd3 21. Kd2 Bf5 22. Rha1 Kf8 23. f3 Bd7 24. Rxa7 Bxc6 25. dxc6 Red8+ 26.
Ke2 Rac8 27. c7 Rd7 28. Rc1 Ke8 29. Rb7 Rd6 30. b4 1-0

[Event "España  ch sub-18 2006"]
[Site "Baños de Montemayor ESP"]
[Date "2006.07.09"]
[Round "3.4"]
[White "Antoli Royo, Joaquin Miguel"]
[Black "Ivanovitch Balsinde, Nicolas"]
[Result "1/2-1/2"]
[WhiteElo "2210"]
[BlackElo "2140"]
[PlyCount "25"]
[EventDate "2006.07.08"]
[EventType "swiss"]
[EventRounds "9"]
[EventCountry "ESP"]
[Source "lmi"]
[SourceDate "2006.07.14"]

1. d4 Nf6 2. Nf3 c5 3. d5 b5 4. Bg5 Ne4 5. Bf4 Bb7 6. Qd3 f5 7. Nbd2 c4 8. Qd4
Nf6 9. Be5 Nxd5 10. Bxg7 Nb4 11. Qc3 Nd5 12. Qd4 Nb4 13. Qc3 1/2-1/2

[Event "España  ch sub-18 2006"]
[Site "Baños de Montemayor ESP"]
[Date "2006.07.09"]
[Round "3.5"]
[White "Martin Alvarez, Iñigo"]
[Black "Garrido Dominguez, Jesus"]
[Result "0-1"]
[WhiteElo "2136"]
[BlackElo "2341"]
[PlyCount "72"]
[EventDate "2006.07.08"]
[EventType "swiss"]
[EventRounds "9"]
[EventCountry "ESP"]
[Source "lmi"]
[SourceDate "2006.07.14"]

1. e4 e5 2. Nf3 Nc6 3. Bb5 Nf6 4. O-O Nxe4 5. d4 Nd6 6. dxe5 Nxb5 7. a4 Nbd4 8.
Nxd4 Nxd4 9. Qxd4 d5 10. exd6 Qxd6 11. Qc4 c6 12. Bf4 Qb4 13. Qxb4 Bxb4 14. Nd2
Be6 15. Ne4 O-O-O 16. c3 Be7 17. Rfe1 Rd5 18. c4 Rd3 19. c5 b6 20. b4 Rd4 21.
Nd6+ Kd7 22. Red1 Rxf4 23. Nxf7+ Bd5 24. Nxh8 bxc5 25. b5 Rf8 26. a5 Rxh8 27.
b6 a6 28. Rac1 Bd6 29. Kf1 c4 30. Rc3 Bb4 31. Rxc4 Bxa5 32. Ra4 Bxb6 33. Rxa6
Kc7 34. Rc1 Rf8 35. f3 Re8 36. Rc2 c5 0-1

[Event "España  ch sub-18 2006"]
[Site "Baños de Montemayor ESP"]
[Date "2006.07.09"]
[Round "3.6"]
[White "Pena Gomez, Manuel"]
[Black "Perez Campos, Adria"]
[Result "1/2-1/2"]
[WhiteElo "2337"]
[BlackElo "2084"]
[PlyCount "72"]
[EventDate "2006.07.08"]
[EventType "swiss"]
[EventRounds "9"]
[EventCountry "ESP"]
[Source "lmi"]
[SourceDate "2006.07.14"]

1. e4 c5 2. Nf3 d6 3. d4 cxd4 4. Nxd4 Nf6 5. Nc3 a6 6. Be2 e6 7. O-O Be7 8. a4
O-O 9. Be3 Nc6 10. f4 Bd7 11. Kh1 Rc8 12. Nb3 Na5 13. e5 Ne8 14. exd6 Nxd6 15.
Nd4 Nac4 16. Bc1 Bf6 17. Bxc4 Nxc4 18. Ne4 Bc6 19. Nxc6 Rxc6 20. Nxf6+ Qxf6 21.
Ra2 Rd8 22. Qe2 Nd6 23. b3 Nf5 24. c4 Qc3 25. Rb2 Rcd6 26. g4 Nd4 27. Qe3 Qxe3
28. Bxe3 f5 29. h3 Nc6 30. b4 Rd3 31. Re1 Kf7 32. Kg2 Nd4 33. Kf2 g5 34. gxf5
gxf4 35. Bxd4 R8xd4 36. Rxe6 Rxh3 1/2-1/2

[Event "España  ch sub-18 2006"]
[Site "Baños de Montemayor ESP"]
[Date "2006.07.09"]
[Round "3.8"]
[White "Fernandez Borrego, Pablo"]
[Black "Cortes Lizano, Jesus"]
[Result "0-1"]
[WhiteElo "2037"]
[BlackElo "2169"]
[PlyCount "74"]
[EventDate "2006.07.08"]
[EventType "swiss"]
[EventRounds "9"]
[EventCountry "ESP"]
[Source "lmi"]
[SourceDate "2006.07.14"]

1. f4 c5 2. b3 Nf6 3. Nf3 g6 4. Bb2 Bg7 5. g3 d6 6. Bg2 Nc6 7. O-O O-O 8. Na3
Rb8 9. e3 b5 10. c4 bxc4 11. Nxc4 Na5 12. d3 Nxc4 13. dxc4 a5 14. Qe2 a4 15.
Nd2 Qa5 16. Qd3 Ne8 17. Bxg7 Nxg7 18. e4 Ra8 19. f5 Ra6 20. g4 f6 21. fxg6 hxg6
22. e5 dxe5 23. b4 cxb4 24. Qxg6 Bb7 25. Nf3 f5 26. Qg5 Qb6+ 27. Kh1 Qf6 28.
Qe3 f4 29. Qd2 e4 30. g5 Qc3 31. Qxc3 bxc3 32. Nh4 f3 33. Bh3 Rf4 34. Rab1 Rxh4
35. Bd7 Bc6 36. Rb8+ Kf7 37. Bc8 Ra8 0-1